Ask the teacher : A practitioner's guide to teaching and learning in the diverse classroom
| Main Author: | |
|---|---|
| Format: | Book |
| Published: |
Boston :
Pearson education ,
2003
|
| Subjects: |
MARC
| LEADER | 00000cam a2200000 7i4500 | ||
|---|---|---|---|
| 001 | 0000011413 | ||
| 005 | 20050428.0 | ||
| 020 | |a 0205370764 | ||
| 040 | |a INS | ||
| 090 | 0 | 0 | |a LB1025.3. |b R925 2003 |
| 100 | 1 | |a Ryan, Mark | |
| 245 | 1 | 0 | |a Ask the teacher : |b A practitioner's guide to teaching and learning in the diverse classroom |c Mark Ryan |
| 260 | |a Boston : |b Pearson education , |c 2003 | ||
| 300 | |a xvii : |b 318p ; |c 27cm. | ||
| 650 | 0 | 0 | |a Multicultural education |
| 650 | 0 | 0 | |a Teaching |
| 999 | |a 0000010617 |b BOOK |c Open Shelf |e Default branch | ||